So you want to be an entrepreneur?
| Main Author: | Gillespie-Brown, Jon |
|---|---|
| Published: |
Chichester:
Capstone,
2008.
|
| Subjects: |
| LEADER | 00479cam a2200157 7i4500 | ||
|---|---|---|---|
| 001 | 0000040932 | ||
| 005 | 20111229090000.0 | ||
| 020 | |a 9781841128030 (pbk.) | ||
| 020 | |a 1841128031 (pbk.) | ||
| 090 | 0 | 0 | |a HB615 |b .G22 2008 |
| 100 | 1 | |a Gillespie-Brown, Jon | |
| 245 | 1 | 0 | |a So you want to be an entrepreneur? |c Jon Gillespie-Brown. |
| 260 | |a Chichester: |b Capstone, |c 2008. | ||
| 300 | |a 172 p.; |c 22 cm. | ||
| 650 | 0 | 0 | |a Entrepreneurship |
| 999 | |a 0000001836 |b BOK |c OPEN SHELF |e 1st Floor, Shah Alam | ||


